| 000 | 01821naa a22003617a 4500 | ||
|---|---|---|---|
| 001 | BR8601859 | ||
| 003 | BR-BrBNA | ||
| 005 | 20250721154508.0 | ||
| 007 | ta | ||
| 008 | 250630b bl.|||m| |||| 00| 0 por d | ||
| 040 |
_aBR-BrBNA _bpor _cBiblioteca Nacional de Agricultura |
||
| 041 | _a(Pt) | ||
| 072 |
_aF01; F02; F03 _b2140 _bG514 |
||
| 090 | _aF01 BR8601859 | ||
| 100 | 1 | _aSchneider, C. | |
| 100 | 1 | _aPetry, G. | |
| 111 | 1 |
_a10. Seminario sobre Atualidades e Perspectivas Florestais: Silvicultura da Erva-Mate (Ilex paraguariensis St. Hil) _cCuritiba, PR (Brazil) _d28-30 Nov 1983 |
|
| 245 | 1 | _aAspectos da cultura da erva-mate na regiao de Erebango - municipio de Getulio Vargas - Rio Grande do Sul, em propriedades da empresa Hoppen, Petry e Cia. Ltda. [Ilex paraguariensis] | |
| 246 | 1 | _a[Aspects of mate crop in the area of Erebango - Getulio Vargas county - Rio Grande do Sul, in farms of Hoppen, Petry and company Ltd.] | |
| 246 | 1 | _a[Annals of the 10. Seminar on Forest News and Perspectives: Silviculture of Mate Plant (Ilex paraguariensis St. Hil.)] | |
| 500 | _aAnais do 10. Seminario sobre Atualidades e Perspectivas Florestais: Silvicultura da Erva-Mate (Ilex paraguariensis St. Hil.) Curitiba, PR (Brasil): 1985. p. 64-70 (BR8601859-AMS) | ||
| 773 | 0 |
_tAnais do 10. Seminario sobre Atualidades e Perspectivas Florestais: Silvicultura da Erva-Mate (Ilex paraguariensis St. Hil.) _wF01 BR8601859 _gCuritiba, PR (Brasil), 1985. p. 64-70 |
|
| 650 | _aMATE | ||
| 650 | _aSEMENTE | ||
| 650 | _aMUDA | ||
| 650 | _aSEMENTEIRA | ||
| 650 | _aPRATICA CULTURAL | ||
| 650 | _aGETULIO VARGAS | ||
| 650 | _aRIO GRANDE DO SUL | ||
| 490 |
_aDocumentos - Centro Nacional de Pesquisa de Florestas (Brazil) _vno. 15 _xISSN 0101-7691 |
||
| 942 |
_cAMS _2AGRIS |
||
| 909 |
_a202506 _bLúcia _c55 _dLúcia Elande |
||
| 999 |
_c335145 _d335145 |
||